[Event "Russian Higher League 2021"]
[Site "?"]
[Date "2021.06.26"]
[Round "1.8"]
[White "Paravyan, David"]
[Black "Dudin, Gleb"]
[Result "1-0"]
[WhiteElo "2629"]
[BlackElo "2439"]
[Annotator ""]
[Source ""]
[Remark ""]

1.e4 {[%clk 1:30:53]} c6 {[%clk 1:29:59]} 2.Nf3 {[%clk 1:31:19]}
d5 {[%clk 1:29:47]} 3.Nc3 {[%clk 1:31:43]} dxe4 {[%clk 1:28:55]}
4.Nxe4 {[%clk 1:32:08]} Nf6 {[%clk 1:29:18]} 5.Qe2 {[%clk 1:32:33]}
Nxe4 {[%clk 1:22:33]} 6.Qxe4 {[%clk 1:32:50]} Be6 {[%clk 1:22:57]}
7.Nd4 {[%clk 1:33:16]} Qd5 {[%clk 0:54:18]} 8.Qe3 {[%clk 1:33:34]}
Bg4 {[%clk 0:53:08]} 9.h3 {[%clk 1:33:17]} Bh5 {[%clk 0:50:56]}
10.c4 {[%clk 1:33:38]} Qd7 {[%clk 0:46:05]} 11.Be2 {[%clk 1:33:49]}
Bxe2 {[%clk 0:41:57]} 12.Nxe2 {[%clk 1:34:08]} e6 {[%clk 0:35:40]}
13.b3 {[%clk 1:34:29]} Na6 {[%clk 0:35:39]} 14.a3 {[%clk 1:33:09]}
Rd8 {[%clk 0:29:40]} 15.d4 {[%clk 1:25:08]} Be7 {[%clk 0:25:25]}
16.Bb2 {[%clk 1:25:21]} Bf6 {[%clk 0:24:53]} 17.O-O-O {[%clk 1:07:23]}
O-O {[%clk 0:21:00]} 18.Ng3 {[%clk 1:07:17]} Be7 {[%clk 0:07:55]}
19.Nh5 {[%clk 1:01:39]} f6 {[%clk 0:08:08]} 20.g4 {[%clk 0:41:24]}
Rf7 {[%clk 0:07:11]} 21.Rhe1 {[%clk 0:38:52]} Nc7 {[%clk 0:07:09]}
22.Nf4 {[%clk 0:39:16]} Bd6 {[%clk 0:04:26]} 23.Nd3 {[%clk 0:39:11]}
Qc8 {[%clk 0:03:06]} 24.Qe4 {[%clk 0:37:37]} a5 {[%clk 0:02:17]}
25.f4 {[%clk 0:36:55]} a4 {[%clk 0:02:25]} 26.b4 {[%clk 0:37:20]}
Qa8 {[%clk 0:02:29]} 27.Kb1 {[%clk 0:29:48]} b5 {[%clk 0:01:15]}
28.Rc1 {[%clk 0:30:13]} bxc4 {[%clk 0:00:35]} 29.Rxc4 {[%clk 0:30:38]}
Nd5 {[%clk 0:00:46]} 30.Qxe6 {[%clk 0:30:13]} Qa6 {[%clk 0:01:10]}
31.Rec1 {[%clk 0:29:13]} Nb6 {[%clk 0:00:45]} 32.Nc5 {[%clk 0:26:35]}
Qc8 {[%clk 0:00:33]} 33.R4c2 {[%clk 0:26:11]} Bxf4 {[%clk 0:00:50]}
34.Re1 {[%clk 0:22:07]} Bd6 {[%clk 0:00:32]} 35.Qxc8 {[%clk 0:21:01]}
Rxc8 {[%clk 0:01:00]} 36.Re6 {[%clk 0:21:24]} Bxc5 {[%clk 0:00:58]}
37.Rxc5 {[%clk 0:21:38]} Rfc7 {[%clk 0:00:42]} 38.b5 {[%clk 0:21:41]}
Kf7 {[%clk 0:01:06]} 39.Rexc6 {[%clk 0:20:02]} Rxc6 {[%clk 0:01:28]}
40.bxc6 {[%clk 0:20:10]} Ke6 {[%clk 0:01:36]} 41.Bc3 {[%clk 0:16:28]}
Kd6 {[%clk 0:00:39]} 42.Bb4 {[%clk 0:15:59]} Nd5 {[%clk 0:20:15]}
43.Be1 {[%clk 0:45:57]} g5 {[%clk 0:10:32]} 44.h4 {[%clk 0:19:04]}
h6 {[%clk 0:02:44]} 45.Bg3+ {[%clk 0:19:07]} Nf4 {[%clk 0:03:05]}
46.Rf5 {[%clk 0:19:00]} Rb8+ {[%clk 0:02:36]} 47.Kc2 {[%clk 0:19:25]}
Kxc6 {[%clk 0:02:57]} 48.d5+ {[%clk 0:15:17]} Kc5 {[%clk 0:00:36]}
49.Bxf4 {[%clk 0:12:14]} gxf4 {[%clk 0:00:48]} 50.Rxf4 {[%clk 0:11:52]}
Kxd5 {[%clk 0:00:37]} 51.Rxa4 {[%clk 0:11:19]} Rg8 {[%clk 0:00:31]}
52.Kd3 {[%clk 0:09:38]} Ke5 {[%clk 0:00:32]} 53.Re4+ {[%clk 0:10:00]}
Kd5 {[%clk 0:00:50]} 54.a4 {[%clk 0:07:08]} Rb8 {[%clk 0:01:10]}
55.Rf4 {[%clk 0:06:35]} Ke5 {[%clk 0:00:33]} 56.Rf5+ {[%clk 0:02:58]}
Ke6 {[%clk 0:00:56]} 57.Rb5 {[%clk 0:03:09]} Rg8 {[%clk 0:00:46]}
58.Rb4 {[%clk 0:03:35]} Ra8 {[%clk 0:00:32]} 59.Kc4 {[%clk 0:02:48]}
h5 {[%clk 0:00:32]} 60.gxh5 {[%clk 0:03:10]} Ra5 {[%clk 0:00:53]}
61.h6 {[%clk 0:02:58]} Rh5 {[%clk 0:00:36]} 62.Kb3 {[%clk 0:00:58]}
Rxh6 {[%clk 0:00:36]} 63.a5 {[%clk 0:01:23]} Rh7 {[%clk 0:00:31]}
64.a6 {[%clk 0:01:07]} Ra7 {[%clk 0:00:34]} 65.Ra4 {[%clk 0:01:24]}
Kd5 {[%clk 0:00:42]} 66.Kb4 {[%clk 0:00:57]} Kc6 {[%clk 0:01:03]}
67.Ka5 {[%clk 0:01:02]} Kd5 1-0

[Event "Russian Higher League 2021"]
[Site "?"]
[Date "2021.06.26"]
[Round "1.9"]
[White "Savitskiy, Sergey"]
[Black "Ponkratov, Pavel"]
[Result "0-1"]
[WhiteElo "2437"]
[BlackElo "2627"]
[Annotator ""]
[Source ""]
[Remark ""]

1.e4 c5 2.Nf3 Nc6 3.d4 cxd4 4.Nxd4 e5 5.Nb5 d6 6.c4 g6 7.Be3
a6 8.N5c3 Nf6 9.Be2 Bg7 10.O-O O-O 11.Na3 Be6 12.Qd2 Nd4 13.Bxd4
exd4 14.Qxd4 Nd5 15.Qd1 Nxc3 16.bxc3 Qa5 17.Nc2 Bxc3 18.Rb1 Qxa2
19.Qd3 Bg7 20.Rxb7 Rfb8 21.Nb4 Qb2 22.Rxb8+ Rxb8 23.Nc6 Re8 24.Bf3
Bf8 25.Nd4 Bd7 26.Rb1 Qa2 27.h4 Rc8 28.Rb7 Be8 29.e5 Qxc4 30.Qxc4
Rxc4 31.Rb8 Bd7 32.Rd8 Ba4 33.Ne2 dxe5 34.Bd5 Rc7 35.Ra8 Bb5
36.Ng3 Kg7 37.Ne4 h6 38.g4 Rd7 39.Nc3 Bd3 40.Be4 Bc4 41.Rc8 Rd4
42.f3 Bb4 0-1

[Event "Russian Higher League 2021"]
[Site "?"]
[Date "2021.06.26"]
[Round "1.10"]
[White "Kokarev, Dmitry"]
[Black "Obgolts, Erik"]
[Result "1/2-1/2"]
[WhiteElo "2618"]
[BlackElo "2425"]
[Annotator ""]
[Source ""]
[Remark ""]

1.e4 {[%clk 1:30:47]} c6 {[%clk 1:30:57]} 2.d4 {[%clk 1:31:06]}
d5 {[%clk 1:31:23]} 3.Nc3 {[%clk 1:31:26]} dxe4 4.Nxe4 {[%clk 1:31:49]}
Nf6 {[%clk 1:32:10]} 5.Nxf6+ {[%clk 1:32:09]} exf6 {[%clk 1:32:37]}
6.c3 {[%clk 1:32:18]} Bd6 {[%clk 1:33:02]} 7.Nf3 {[%clk 1:30:20]}
O-O {[%clk 1:32:44]} 8.Be2 {[%clk 1:30:42]} Re8 {[%clk 1:30:26]}
9.O-O {[%clk 1:30:57]} Bg4 {[%clk 1:28:15]} 10.h3 {[%clk 1:29:49]}
Bh5 {[%clk 1:26:16]} 11.Re1 {[%clk 1:29:44]} Nd7 {[%clk 1:23:37]}
12.Nh4 {[%clk 1:24:57]} Bxe2 {[%clk 1:23:29]} 13.Rxe2 {[%clk 1:25:20]}
g6 {[%clk 1:16:31]} 14.Rxe8+ {[%clk 1:21:16]} Qxe8 {[%clk 1:16:59]}
15.Nf3 {[%clk 1:21:30]} Qe6 {[%clk 1:15:12]} 16.Qd3 {[%clk 1:15:53]}
Rd8 {[%clk 1:11:23]} 17.Kf1 {[%clk 1:06:20]} Bc7 {[%clk 1:05:29]}
18.Qc2 {[%clk 1:02:22]} b5 {[%clk 0:54:29]} 19.Bh6 {[%clk 0:58:48]}
Qd5 {[%clk 0:51:56]} 20.b3 {[%clk 0:57:50]} Nf8 {[%clk 0:50:36]}
21.c4 {[%clk 0:51:15]} bxc4 {[%clk 0:42:09]} 22.bxc4 {[%clk 0:51:31]}
Qd7 {[%clk 0:42:17]} 23.Bxf8 {[%clk 0:45:39]} Kxf8 {[%clk 0:42:12]}
24.Qa4 {[%clk 0:44:23]} Bf4 {[%clk 0:38:33]} 25.Re1 {[%clk 0:39:30]}
Qc7 {[%clk 0:36:59]} 26.g3 {[%clk 0:35:51]} Bd6 {[%clk 0:36:46]}
27.Kg2 {[%clk 0:32:48]} Kg7 {[%clk 0:32:40]} 28.Rb1 {[%clk 0:31:07]}
c5 {[%clk 0:21:34]} 29.d5 {[%clk 0:31:14]} Rd7 {[%clk 0:21:22]}
30.Rb5 {[%clk 0:25:37]} Re7 {[%clk 0:20:27]} 31.Qc2 {[%clk 0:25:03]}
h5 {[%clk 0:16:50]} 32.a4 {[%clk 0:18:12]} a6 {[%clk 0:14:39]}
33.Rb1 {[%clk 0:17:42]} Qd8 {[%clk 0:12:42]} 34.Qc3 {[%clk 0:15:21]}
Bc7 {[%clk 0:11:44]} 35.Qd3 {[%clk 0:12:08]} Ba5 {[%clk 0:07:18]}
36.Rd1 {[%clk 0:09:12]} Qd6 {[%clk 0:07:36]} 37.Qc2 {[%clk 0:08:43]}
Bb4 {[%clk 0:05:38]} 38.Rd3 {[%clk 0:06:20]} Re8 {[%clk 0:05:22]}
39.Nh2 {[%clk 0:05:31]} Kg8 {[%clk 0:04:32]} 40.Nf1 {[%clk 0:05:11]}
f5 {[%clk 0:03:57]} 41.Nh2 {[%clk 0:02:00]} f4 {[%clk 0:01:34]}
42.g4 {[%clk 0:00:33]} hxg4 {[%clk 0:01:00]} 43.hxg4 {[%clk 0:29:47]}
Ba5 {[%clk 0:27:23]} 44.Rb3 {[%clk 0:21:18]} Bc7 {[%clk 0:25:30]}
45.Rh3 {[%clk 0:20:36]} Bd8 {[%clk 0:24:20]} 46.Nf3 {[%clk 0:17:52]}
Bf6 {[%clk 0:23:19]} 47.g5 {[%clk 0:17:55]} Bg7 {[%clk 0:22:33]}
48.Rh4 {[%clk 0:17:09]} Kf8 {[%clk 0:20:48]} 49.Qb1 {[%clk 0:15:50]}
Kg8 {[%clk 0:20:14]} 50.Qd3 {[%clk 0:13:28]} Kf8 {[%clk 0:20:06]}
51.Qb1 {[%clk 0:09:32]} 1/2-1/2

[Event "Russian Higher League 2021"]
[Site "?"]
[Date "2021.06.26"]
[Round "1.11"]
[White "Pogosyan, Stefan"]
[Black "Alekseev, Evgeny"]
[Result "0-1"]
[WhiteElo "2413"]
[BlackElo "2605"]
[Annotator ""]
[Source ""]
[Remark ""]

1.d4 {[%clk 1:30:57]} Nf6 {[%clk 1:26:55]} 2.c4 {[%clk 1:31:09]}
e6 {[%clk 1:27:05]} 3.Nc3 {[%clk 1:30:59]} d5 {[%clk 1:20:02]}
4.cxd5 {[%clk 1:30:07]} exd5 {[%clk 1:19:52]} 5.Bg5 {[%clk 1:30:31]}
c6 {[%clk 1:17:29]} 6.e3 {[%clk 1:30:54]} Nbd7 {[%clk 1:13:52]}
7.Bd3 {[%clk 1:31:00]} Be7 {[%clk 1:07:58]} 8.Nf3 {[%clk 1:25:59]}
O-O {[%clk 1:05:40]} 9.Qc2 {[%clk 1:24:52]} Re8 {[%clk 1:03:47]}
10.g4 {[%clk 1:20:45]} Nf8 {[%clk 0:56:39]} 11.h3 {[%clk 1:20:32]}
Be6 {[%clk 0:38:14]} 12.O-O-O {[%clk 1:18:59]} Rc8 {[%clk 0:35:32]}
13.Kb1 {[%clk 1:16:16]} Ne4 {[%clk 0:29:46]} 14.Bxe7 {[%clk 0:59:02]}
Nxc3+ {[%clk 0:29:05]} 15.Qxc3 {[%clk 0:59:21]} Qxe7 {[%clk 0:26:11]}
16.Rhg1 {[%clk 0:53:27]} b6 {[%clk 0:24:48]} 17.Rc1 {[%clk 0:39:03]}
c5 {[%clk 0:23:45]} 18.dxc5 {[%clk 0:39:29]} bxc5 {[%clk 0:23:40]}
19.h4 {[%clk 0:36:18]} Red8 {[%clk 0:15:58]} 20.Qe5 {[%clk 0:31:20]}
Nd7 {[%clk 0:09:54]} 21.Qf4 {[%clk 0:26:54]} Rb8 {[%clk 0:06:11]}
22.Ng5 {[%clk 0:17:14]} Nf8 {[%clk 0:05:44]} 23.Bf5 {[%clk 0:14:28]}
Rb4 {[%clk 0:03:52]} 24.Qf3 {[%clk 0:07:12]} Rdb8 {[%clk 0:03:08]}
25.Rc2 {[%clk 0:07:25]} Bxf5 {[%clk 0:01:03]} 26.gxf5 {[%clk 0:05:06]}
Qf6 {[%clk 0:00:48]} 27.Qe2 {[%clk 0:05:05]} Qxf5 {[%clk 0:00:59]}
28.Ka1 {[%clk 0:04:34]} Rxh4 {[%clk 0:00:42]} 29.f4 {[%clk 0:01:23]}
Nd7 {[%clk 0:00:40]} 30.Qg2 {[%clk 0:00:52]} Rg4 {[%clk 0:00:40]}
31.Qxg4 {[%clk 0:00:41]} Qxc2 {[%clk 0:01:05]} 32.b3 {[%clk 0:00:56]}
Nf6 {[%clk 0:01:01]} 33.Qg3 {[%clk 0:00:38]} g6 {[%clk 0:00:39]}
34.f5 {[%clk 0:00:44]} Re8 {[%clk 0:00:41]} 35.Qc7 {[%clk 0:00:35]}
Qc3+ {[%clk 0:00:38]} 36.Kb1 {[%clk 0:01:00]} Rf8 {[%clk 0:00:40]}
37.fxg6 {[%clk 0:00:53]} hxg6 {[%clk 0:00:37]} 38.Qf4 {[%clk 0:00:32]}
Ne4 {[%clk 0:00:34]} 39.Nxe4 {[%clk 0:00:44]} Qd3+ {[%clk 0:00:57]}
40.Kb2 {[%clk 0:00:34]} Qxe4 {[%clk 0:01:12]} 0-1

[Event "Russian Higher League 2021"]
[Site "?"]
[Date "2021.06.26"]
[Round "1.12"]
[White "Lysyj, Igor"]
[Black "Tsvetkov, Andrey"]
[Result "1-0"]
[WhiteElo "2605"]
[BlackElo "2412"]
[Annotator ""]
[Source ""]
[Remark ""]

1.d4 {[%clk 1:30:57]} d5 {[%clk 1:30:54]} 2.c4 {[%clk 1:31:22]}
e6 {[%clk 1:31:20]} 3.Nf3 {[%clk 1:31:48]} Nf6 {[%clk 1:31:46]}
4.g3 {[%clk 1:32:13]} dxc4 {[%clk 1:32:10]} 5.Bg2 {[%clk 1:32:38]}
Bb4+ {[%clk 1:32:37]} 6.Bd2 {[%clk 1:33:00]} a5 {[%clk 1:32:52]}
7.Qc2 {[%clk 1:32:29]} Bxd2+ {[%clk 1:33:08]} 8.Qxd2 {[%clk 1:32:48]}
c6 {[%clk 1:33:32]} 9.a4 {[%clk 1:32:56]} Ne4 {[%clk 1:33:43]}
10.Qc1 {[%clk 1:30:20]} Nd6 {[%clk 1:33:39]} 11.Nbd2 {[%clk 1:29:37]}
b5 {[%clk 1:25:35]} 12.Ne5 {[%clk 1:29:17]} Ra6 {[%clk 1:25:19]}
13.b3 {[%clk 1:28:19]} f6 {[%clk 1:22:12]} 14.Nef3 {[%clk 1:28:21]}
cxb3 {[%clk 1:20:29]} 15.Nxb3 {[%clk 1:28:37]} O-O {[%clk 1:19:26]}
16.Nc5 {[%clk 1:18:50]} Ra7 {[%clk 1:15:38]} 17.O-O {[%clk 1:17:30]}
Na6 {[%clk 1:12:13]} 18.Rd1 {[%clk 1:11:49]} Qe7 {[%clk 1:01:34]}
19.Nb3 {[%clk 1:04:57]} Rc7 {[%clk 0:41:56]} 20.Nxa5 {[%clk 0:53:47]}
c5 {[%clk 0:42:05]} 21.axb5 {[%clk 0:37:24]} Nxb5 {[%clk 0:42:29]}
22.Qb2 {[%clk 0:37:34]} Qe8 {[%clk 0:29:45]} 23.e3 {[%clk 0:28:42]}
cxd4 {[%clk 0:17:50]} 24.Nxd4 {[%clk 0:28:33]} Bd7 {[%clk 0:17:29]}
25.Ndc6 {[%clk 0:25:02]} Bxc6 {[%clk 0:14:14]} 26.Nxc6 {[%clk 0:21:29]}
Rxc6 {[%clk 0:14:32]} 27.Qxb5 {[%clk 0:21:52]} Rd6 {[%clk 0:15:01]}
28.Qc4 {[%clk 0:19:39]} Rxd1+ {[%clk 0:13:55]} 29.Rxd1 {[%clk 0:19:36]}
Nb8 {[%clk 0:14:25]} 30.Rd6 {[%clk 0:18:39]} Qc8 {[%clk 0:12:42]}
31.Qb3 {[%clk 0:13:07]} Kh8 {[%clk 0:10:54]} 32.Rxe6 {[%clk 0:13:03]}
Nd7 {[%clk 0:11:04]} 33.Rc6 {[%clk 0:11:02]} Qd8 {[%clk 0:09:16]}
34.h3 {[%clk 0:07:46]} Ne5 {[%clk 0:09:20]} 35.Rc1 {[%clk 0:05:49]}
Qd2 {[%clk 0:07:55]} 36.Rd1 {[%clk 0:04:55]} Qe2 {[%clk 0:07:48]}
37.Qd5 {[%clk 0:04:18]} Qb2 {[%clk 0:03:05]} 38.Be4 {[%clk 0:03:00]}
Qb6 {[%clk 0:02:38]} 39.Kg2 {[%clk 0:02:04]} Qc7 {[%clk 0:00:36]}
40.Kh2 {[%clk 0:01:51]} Re8 {[%clk 0:00:34]} 41.Bg2 {[%clk 0:01:31]}
Qc2 {[%clk 0:28:03]} 42.Rd2 {[%clk 0:28:05]} Qc4 {[%clk 0:26:12]}
43.Qb7 {[%clk 0:27:19]} Qf7 {[%clk 0:25:50]} 44.Qxf7 {[%clk 0:24:35]}
Nxf7 {[%clk 0:26:17]} 45.Rd7 {[%clk 0:23:29]} Ne5 {[%clk 0:26:26]}
46.Rc7 {[%clk 0:23:54]} f5 {[%clk 0:24:12]} 47.f4 {[%clk 0:18:25]}
Nd3 {[%clk 0:21:24]} 48.Bc6 {[%clk 0:18:36]} Rb8 {[%clk 0:18:26]}
49.g4 {[%clk 0:18:58]} g5 {[%clk 0:18:40]} 50.fxg5 {[%clk 0:17:10]}
fxg4 {[%clk 0:17:04]} 51.hxg4 {[%clk 0:13:35]} Ne5 {[%clk 0:10:08]}
52.Kg3 {[%clk 0:12:24]} Rb4 {[%clk 0:09:33]} 53.Bf3 {[%clk 0:10:01]}
Ra4 {[%clk 0:07:55]} 54.Re7 {[%clk 0:09:11]} Ng6 {[%clk 0:08:12]}
55.Re8+ {[%clk 0:08:14]} Kg7 {[%clk 0:08:40]} 56.Bd5 {[%clk 0:07:38]}
h6 {[%clk 0:08:36]} 57.gxh6+ {[%clk 0:07:43]} Kxh6 {[%clk 0:09:05]}
58.Be4 {[%clk 0:08:07]} Ra6 {[%clk 0:08:49]} 59.Rg8 {[%clk 0:07:44]}
Ne5 {[%clk 0:08:37]} 60.g5+ {[%clk 0:07:46]} Kh5 {[%clk 0:09:04]}
61.Kf4 {[%clk 0:07:22]} Nf7 {[%clk 0:09:08]} 62.Rg7 {[%clk 0:07:37]} 1-0

[Event "Russian Higher League 2021"]
[Site "?"]
[Date "2021.06.26"]
[Round "1.14"]
[White "Romanov, Evgeny"]
[Black "Saveliev, Alexei"]
[Result "0-1"]
[WhiteElo "2599"]
[BlackElo "2381"]
[Annotator ""]
[Source ""]
[Remark ""]

1.e4 {[%clk 1:30:36]} c5 {[%clk 1:30:47]} 2.Nf3 {[%clk 1:30:56]}
e6 {[%clk 1:31:01]} 3.d4 {[%clk 1:30:57]} cxd4 {[%clk 1:31:25]}
4.Nxd4 {[%clk 1:31:18]} a6 {[%clk 1:29:29]} 5.g3 {[%clk 1:31:20]}
b6 {[%clk 1:21:44]} 6.Bg2 {[%clk 1:30:44]} Bb7 {[%clk 1:22:10]}
7.O-O {[%clk 1:30:57]} d6 {[%clk 1:21:48]} 8.Re1 {[%clk 1:28:37]}
Nd7 {[%clk 1:16:47]} 9.Nc3 {[%clk 1:22:10]} Rc8 {[%clk 1:09:52]}
10.a4 {[%clk 1:18:16]} Be7 {[%clk 0:45:08]} 11.e5 {[%clk 0:55:28]}
Bxg2 {[%clk 0:36:06]} 12.exd6 {[%clk 0:55:31]} Ba8 {[%clk 0:33:22]}
13.dxe7 {[%clk 0:49:29]} Nxe7 {[%clk 0:33:39]} 14.Rxe6 {[%clk 0:42:36]}
O-O {[%clk 0:16:49]} 15.Re1 {[%clk 0:35:39]} Ng6 {[%clk 0:16:08]}
16.Ra3 {[%clk 0:25:09]} Nde5 {[%clk 0:14:36]} 17.Nce2 {[%clk 0:24:46]}
Rc4 {[%clk 0:09:10]} 18.f3 {[%clk 0:22:19]} Qd7 {[%clk 0:08:30]}
19.Re3 {[%clk 0:20:43]} Qh3 {[%clk 0:07:41]} 20.Nc3 {[%clk 0:14:59]}
Ng4 {[%clk 0:06:46]} 21.R3e2 {[%clk 0:15:20]} N6e5 {[%clk 0:06:57]}
22.Rf1 {[%clk 0:13:12]} Rd8 {[%clk 0:03:14]} 23.fxg4 {[%clk 0:11:47]}
Rcxd4 {[%clk 0:03:39]} 24.Qe1 {[%clk 0:11:47]} h6 {[%clk 0:02:58]}
25.Be3 {[%clk 0:09:43]} Rxg4 {[%clk 0:00:46]} 26.Bxb6 {[%clk 0:09:05]}
Rc8 {[%clk 0:01:11]} 27.Ne4 {[%clk 0:05:47]} Rc4 {[%clk 0:00:50]}
28.Nd2 {[%clk 0:05:36]} Rxc2 {[%clk 0:01:01]} 29.Ba5 {[%clk 0:04:02]}
Nd3 {[%clk 0:00:49]} 30.Re8+ {[%clk 0:02:58]} Kh7 {[%clk 0:01:18]}
31.Rh8+ {[%clk 0:03:27]} Kxh8 {[%clk 0:01:41]} 32.Qe8+ {[%clk 0:03:50]}
Kh7 {[%clk 0:02:08]} 33.Qxa8 {[%clk 0:04:15]} Qh5 {[%clk 0:00:52]}
34.Qf3 {[%clk 0:03:24]} Ne5 {[%clk 0:00:43]} 35.Qe3 {[%clk 0:02:49]}
Ng6 {[%clk 0:00:37]} 36.Bc3 {[%clk 0:02:42]} Qd5 {[%clk 0:00:37]}
37.a5 {[%clk 0:01:42]} f5 {[%clk 0:00:41]} 38.Qf2 {[%clk 0:00:36]}
f4 {[%clk 0:00:39]} 39.Qe2 {[%clk 0:00:32]} Rg5 {[%clk 0:00:41]}
40.Rf3 {[%clk 0:00:46]} Rc1+ {[%clk 0:00:47]} 41.Nf1 {[%clk 0:00:59]}
fxg3 {[%clk 0:00:43]} 42.hxg3 {[%clk 0:00:58]} Rf5 {[%clk 0:27:04]}
43.Rxf5 {[%clk 0:31:03]} Qxf5 {[%clk 0:27:17]} 44.Kg2 {[%clk 0:31:15]}
Rc2 {[%clk 0:20:39]} 45.Nd2 {[%clk 0:31:16]} Qd5+ {[%clk 0:18:47]}
46.Kf2 {[%clk 0:28:27]} Ne5 {[%clk 0:12:43]} 47.Ke3 {[%clk 0:22:47]}
Rxd2 {[%clk 0:08:48]} 48.Bxd2 {[%clk 0:23:08]} Nc4+ {[%clk 0:09:17]}
49.Kf2 {[%clk 0:23:28]} Nxd2 {[%clk 0:09:18]} 50.Qxa6 {[%clk 0:23:43]}
Nc4 {[%clk 0:08:05]} 51.Ke2 {[%clk 0:23:32]} Qd2+ {[%clk 0:05:33]}
52.Kf3 {[%clk 0:23:54]} Qd3+ {[%clk 0:04:50]} 53.Kf2 {[%clk 0:23:37]}
Qd4+ {[%clk 0:05:11]} 54.Kf1 {[%clk 0:22:41]} Qd3+ {[%clk 0:01:54]}
55.Kf2 {[%clk 0:22:13]} Qf5+ {[%clk 0:01:57]} 56.Ke2 {[%clk 0:21:55]}
Nxa5 {[%clk 0:02:02]} 57.Qd3 {[%clk 0:20:36]} Qxd3+ {[%clk 0:02:21]}
58.Kxd3 {[%clk 0:21:05]} h5 {[%clk 0:02:45]} 59.b4 {[%clk 0:21:25]}
Nb7 {[%clk 0:03:06]} 60.b5 {[%clk 0:19:23]} g5 {[%clk 0:03:19]}
61.b6 {[%clk 0:19:43]} Kg6 {[%clk 0:02:49]} 62.Ke4 {[%clk 0:19:30]}
h4 {[%clk 0:03:02]} 63.gxh4 {[%clk 0:19:10]} g4 {[%clk 0:02:51]} 0-1

[Event "Russian Higher League 2021"]
[Site "?"]
[Date "2021.06.26"]
[Round "1.15"]
[White "Grigorjev, Iljya"]
[Black "Shimanov, Aleksandr"]
[Result "1/2-1/2"]
[WhiteElo "2377"]
[BlackElo "2597"]
[Annotator ""]
[Source ""]
[Remark ""]

1.Nf3 {[%clk 1:30:35]} d5 {[%clk 1:28:47]} 2.g3 {[%clk 1:30:47]}
Bg4 {[%clk 1:24:08]} 3.Bg2 {[%clk 1:30:58]} Nd7 {[%clk 1:24:32]}
4.h3 {[%clk 1:28:26]} Bh5 {[%clk 1:24:11]} 5.c4 {[%clk 1:28:38]}
e6 {[%clk 1:22:16]} 6.Qb3 {[%clk 1:28:07]} Nc5 {[%clk 1:18:56]}
7.Qe3 {[%clk 1:28:27]} c6 {[%clk 1:15:04]} 8.d4 {[%clk 1:28:39]}
Nd7 {[%clk 1:12:57]} 9.cxd5 {[%clk 1:28:55]} cxd5 {[%clk 1:13:21]}
10.O-O {[%clk 1:29:12]} Bxf3 {[%clk 1:07:07]} 11.Qxf3 {[%clk 1:14:16]}
Ngf6 {[%clk 1:04:36]} 12.Qb3 {[%clk 1:11:26]} Qb6 {[%clk 0:54:48]}
13.Nc3 {[%clk 1:11:15]} Bd6 {[%clk 0:51:52]} 14.e4 {[%clk 1:02:21]}
dxe4 {[%clk 0:49:14]} 15.Nxe4 {[%clk 1:02:35]} Nxe4 {[%clk 0:48:13]}
16.Bxe4 {[%clk 1:02:57]} Rb8 {[%clk 0:48:02]} 17.Qa4 {[%clk 1:02:34]}
Qa6 {[%clk 0:37:12]} 18.Qxa6 {[%clk 0:39:45]} bxa6 {[%clk 0:36:00]}
19.b3 {[%clk 0:40:09]} Ke7 {[%clk 0:32:54]} 20.Bg5+ {[%clk 0:40:18]}
Nf6 {[%clk 0:28:14]} 21.d5 {[%clk 0:36:48]} h6 {[%clk 0:26:23]}
22.Bxf6+ {[%clk 0:37:09]} gxf6 {[%clk 0:26:07]} 23.Rfe1 {[%clk 0:32:36]}
Rhd8 {[%clk 0:25:13]} 24.Rad1 {[%clk 0:31:05]} Bb4 {[%clk 0:22:38]}
25.Re2 {[%clk 0:31:05]} a5 {[%clk 0:20:42]} 26.Rc1 {[%clk 0:28:13]}
Rbc8 {[%clk 0:21:04]} 27.Rxc8 {[%clk 0:28:32]} Rxc8 {[%clk 0:21:32]}
28.Bf5 {[%clk 0:24:40]} Rc1+ {[%clk 0:21:56]} 29.Kg2 {[%clk 0:25:07]}
Re1 {[%clk 0:22:20]} 30.Rxe1 {[%clk 0:25:34]} Bxe1 {[%clk 0:22:47]}
31.dxe6 {[%clk 0:26:00]} fxe6 {[%clk 0:23:12]} 32.Bd3 {[%clk 0:26:28]}
Bc3 {[%clk 0:23:36]} 33.Bc4 {[%clk 0:26:53]} Bd4 {[%clk 0:24:02]}
34.f4 {[%clk 0:27:19]} f5 {[%clk 0:24:26]} 35.Kf3 {[%clk 0:27:45]}
Kf6 {[%clk 0:24:52]} 36.Bb5 {[%clk 0:28:08]} Bc5 {[%clk 0:25:18]}
37.Bc4 {[%clk 0:28:34]} Bd4 {[%clk 0:25:45]} 38.Bb5 {[%clk 0:29:00]}
Bc5 {[%clk 0:26:11]} 39.Bc4 {[%clk 0:29:26]} Bd4 {[%clk 0:26:38]}
40.Bb5 {[%clk 0:29:53]} Bc5 {[%clk 0:27:05]} 41.Ke4 Ke5+ 1/2-1/2

[Event "Russian Higher League 2021"]
[Site "?"]
[Date "2021.06.26"]
[Round "1.16"]
[White "Antipov, Mikhail Al."]
[Black "Samojlov, Anton"]
[Result "1/2-1/2"]
[WhiteElo "2596"]
[BlackElo "2372"]
[Annotator ""]
[Source ""]
[Remark ""]

1.e4 {[%clk 1:30:57]} c5 {[%clk 1:30:44]} 2.Nf3 {[%clk 1:31:22]}
d6 {[%clk 1:30:42]} 3.d4 {[%clk 1:31:36]} cxd4 {[%clk 1:31:00]}
4.Nxd4 {[%clk 1:32:03]} Nf6 {[%clk 1:31:13]} 5.Nc3 {[%clk 1:32:26]}
Nc6 {[%clk 1:31:18]} 6.Bg5 {[%clk 1:32:48]} e6 {[%clk 1:31:16]}
7.Qd3 {[%clk 1:30:04]} Qb6 {[%clk 1:16:54]} 8.O-O-O {[%clk 1:22:37]}
Qxd4 {[%clk 1:16:05]} 9.Qxd4 {[%clk 1:23:00]} Nxd4 {[%clk 1:16:24]}
10.Rxd4 {[%clk 1:23:26]} a6 {[%clk 1:16:22]} 11.f4 {[%clk 1:12:59]}
Nd7 {[%clk 0:51:05]} 12.Be2 {[%clk 1:08:04]} h6 {[%clk 0:31:32]}
13.Bh4 {[%clk 1:08:27]} g5 {[%clk 0:29:48]} 14.fxg5 {[%clk 1:08:44]}
Ne5 {[%clk 0:29:24]} 15.g6 {[%clk 1:01:46]} Nxg6 {[%clk 0:27:19]}
16.Bf6 {[%clk 1:02:06]} Rg8 {[%clk 0:27:29]} 17.Rhd1 {[%clk 1:02:15]}
Be7 {[%clk 0:14:21]} 18.Bxe7 {[%clk 1:02:26]} Kxe7 {[%clk 0:14:50]}
19.Rxd6 {[%clk 1:02:17]} Ne5 {[%clk 0:15:07]} 20.g3 {[%clk 1:02:22]}
Bd7 {[%clk 0:15:12]} 21.R1d2 {[%clk 0:56:16]} Bc6 {[%clk 0:14:44]}
22.R6d4 {[%clk 0:56:38]} Rg5 {[%clk 0:10:28]} 23.Nd1 {[%clk 0:56:00]}
Rc8 {[%clk 0:06:02]} 24.Nf2 {[%clk 0:55:40]} Nd7 {[%clk 0:05:57]}
25.b3 {[%clk 0:51:34]} Rc7 {[%clk 0:01:46]} 26.Rc4 {[%clk 0:47:54]}
b5 {[%clk 0:00:43]} 27.Rc3 {[%clk 0:48:06]} Rc5 {[%clk 0:00:43]}
28.Re3 {[%clk 0:47:31]} a5 {[%clk 0:00:43]} 29.Kb2 {[%clk 0:47:21]}
Ne5 {[%clk 0:00:36]} 30.a3 {[%clk 0:42:36]} b4 {[%clk 0:00:57]}
31.axb4 {[%clk 0:41:19]} axb4 {[%clk 0:01:25]} 32.Ng4 {[%clk 0:38:16]}
Nxg4 {[%clk 0:01:16]} 33.Bxg4 {[%clk 0:38:40]} e5 {[%clk 0:01:05]}
34.Be2 {[%clk 0:38:57]} Ra7 {[%clk 0:01:08]} 35.Bc4 {[%clk 0:35:17]}
Rca5 {[%clk 0:01:32]} 36.Rd1 {[%clk 0:35:20]} Ra2+ {[%clk 0:01:35]}
37.Kc1 {[%clk 0:35:45]} Ra1+ {[%clk 0:01:54]} 38.Kd2 {[%clk 0:36:10]}
Rxd1+ {[%clk 0:01:17]} 39.Kxd1 {[%clk 0:36:33]} Ra1+ {[%clk 0:01:17]}
40.Kd2 {[%clk 0:36:57]} f6 {[%clk 0:00:49]} 41.Re2 {[%clk 0:36:33]}
Ra5 {[%clk 0:00:32]} 42.Re1 {[%clk 0:36:38]} Ra7 {[%clk 0:00:50]}
43.Ke3 {[%clk 0:36:37]} Ra2 {[%clk 0:00:59]} 44.Bd3 {[%clk 0:35:30]}
Bd7 {[%clk 0:01:15]} 45.Rg1 {[%clk 0:34:51]} Bg4 {[%clk 0:01:18]}
46.Rg2 {[%clk 0:34:49]} Be6 {[%clk 0:01:38]} 47.Rd2 {[%clk 0:34:58]}
Ra1 {[%clk 0:01:37]} 48.Bb5 {[%clk 0:35:09]} Re1+ {[%clk 0:01:35]}
49.Kf3 {[%clk 0:35:18]} Rc1 {[%clk 0:01:44]} 50.Be2 {[%clk 0:34:51]}
Bd7 {[%clk 0:01:35]} 51.Bc4 {[%clk 0:34:40]} Bc6 {[%clk 0:01:24]}
52.g4 {[%clk 0:33:17]} Bd7 {[%clk 0:01:16]} 53.h3 {[%clk 0:33:27]}
Bc6 {[%clk 0:01:38]} 54.Bd3 {[%clk 0:32:43]} Rh1 {[%clk 0:01:47]}
55.Kg3 {[%clk 0:32:23]} Re1 {[%clk 0:01:35]} 56.Kf2 1/2-1/2